000 00518nam a22001932 4500
001 0000001413
005 20170406113421.0
008 140110s xx 000 0 eng d
020 _c$
040 _aYour Holding Symbol
_cYour Holding Symbol
100 1 _aEastman,Max.
245 1 4 _aThe history of russian revolution.
250 _a ed.
260 _aMichgan :
_bvail ballou press,
_c1932.
300 _a504 p. ;
_c cm.
504 _aindex.
650 0 _arussian revolution.
908 _a140110
999 _c1326
_d1326